Bill and the Fish (Record no. 123652)

MARC details
000 -LÍDER
campo de controle de tamanho fixo 00584 a2200157 4500
001 - NÚMERO DE CONTROLE
campo de controle 123652
020 ## - ISBN - INTERNATIONAL STANDARD BOOK NUMBER
ISBN - International Standard Book Number 9788131906859
040 ## - FONTE DA CATALOGAÇÃO
Instituição que transcreveu o registro Escola Canadense de Niteroi
090 ## - NÚMERO DE CHAMADA LOCAL
Número de chamada (OCLC) (R); Número de chamada, CALL (RLIN) (NR) NAT
100 ## - ENTRADA PRINCIPAL--NOME PESSOAL
Nome pessoal Nath, Gita
245 10 - TÍTULO
Título Bill and the Fish
300 ## - DESCRIÇÃO FÍSICA
Dimensões 6 x 0.1 x 8.4
362 0# - DATAS DE PUBLICAÇÃO E/OU DESIGNAÇÃO SEQUENCIAL
Datas de publicação e/ou designação sequencial 2009
520 ## - NOTA DE RESUMO, ETC
Resumo, etc. This series offers well-written rhyming and interesting stories to help the child to get a better understanding of the link between letters and the sounds they represent. The books are developed for different levels keeping the child's mental level in consideration.
942 ## - ELEMENTOS DE ENTRADA ADICIONADOS (KOHA)
Tipo de material Koha Livros
Holdings
Situação do descarte Situação das perdas Situação física Não pode ser emprestado Biblioteca de origem Biblioteca atual Data de aquisição Total de empréstimos Número de chamada completo Código de barras Data de último acesso Data do preço efetivo Tipo de material Koha
        Canadian School of Niterói - Piratininga Canadian School of Niterói - Piratininga 09/02/2024   NAT A29838 09/02/2024 09/02/2024 Livros